000 01067nam a2200337 i 4500
001 768714001
003 CO-MdFUSB
005 20201214134446.0
007 ta
008 200617t2010 it |||| |||| 00| 0 eng d
020 _a9781860827068
040 _aCO-MdFUSB
_bspa
_cCO-MdFUSB
_dCO-MdFUSBC
_erda
041 _aeng
082 _223
_a262.935
_bN851
110 _aCongregation for the doctrine of the faith
245 _aNorms concerning the most serious crimes
_c/ Congregation for the doctrine of the faith
264 1 _aVatican City, Roma :
_bCatholic Truth Society,
_c[2010]
264 _c© 2010
300 _a50 páginas
_c; 23 cm
336 _2rdacontent
_atexto
_btxt
337 _2rdamedia
_asin mediación
_bn
338 _2rdacarrier
_avolumen
_bnc
490 _aNormae de Gravioribus Delictis
505 _aCarta. -- Normas sustantivas. -- Normas de procedimiento.
563 _aRústico
610 2 7 _aIglesia Católica
_vNormas.
653 _aDelitos -- Iglesia Católica
942 _cBK
945 _aJTF-925
999 _c66154
_d66154